|
|
|
|
| LEADER |
01068nam a2200265 a 4500 |
| 001 |
3271525 |
| 008 |
091221s1981 enka b 100 0 eng d |
| 010 |
|
|
|a 81208096
|
| 020 |
|
|
|a 0566004402 :
|c £15.00
|
| 040 |
|
|
|a DLC
|c DLC
|d DLC
|d BD-DhAAL
|
| 082 |
0 |
0 |
|a 307/.12
|2 19
|
| 245 |
0 |
0 |
|a Local government and environmental planning and control /
|c edited by Frank Joyce.
|
| 260 |
|
|
|a Aldershot, Hampshire :
|b Gower,
|c c1981.
|
| 300 |
|
|
|a xiii, 301 p. :
|b ill. ;
|c 23 cm.
|
| 500 |
|
|
|a Papers from a conference held in Coventry in May 1980.
|
| 500 |
|
|
|a English and French.
|
| 504 |
|
|
|a Includes bibliographies.
|
| 541 |
1 |
|
|e 00006438
|
| 650 |
|
0 |
|a City planning
|v Congresses.
|
| 650 |
|
0 |
|a Local government
|v Congresses.
|
| 650 |
|
0 |
|a Environmental planning
|v Congresses.
|
| 700 |
1 |
|
|a Joyce, Frank E.
|
| 852 |
4 |
|
|a Ayesha Abed Library
|j General Shelf.
|
| 999 |
|
|
|c 6326
|d 6326
|
| 952 |
|
|
|0 0
|1 0
|2 ddc
|4 0
|6 307_120000000000000_LOC_1981
|7 0
|9 6376
|a BRACUL
|b BRACUL
|c GEN
|d 2009-12-23
|g 0.00
|l 0
|o 307.12 LOC
|p 3010006438
|r 2009-12-23
|t 1
|w 2009-12-23
|y BK
|x No price found in the accession register.
|